While Memory Serves / (Record no. 185829)
[ view plain ]
| 000 -LEADER | |
|---|---|
| fixed length control field | 00484 a2200181 4500 |
| 003 - CONTROL NUMBER IDENTIFIER | |
| control field | Nust |
| 005 - DATE AND TIME OF LATEST TRANSACTION | |
| control field | 20230307120007.0 |
| 040 ## - CATALOGING SOURCE | |
| Transcribing agency | Nust |
| 082 ## - DEWEY DECIMAL CLASSIFICATION NUMBER | |
| Classification number | 355.30954,TUK |
| 100 ## - MAIN ENTRY--PERSONAL NAME | |
| Personal name | Tuker Francis |
| 9 (RLIN) | 109943 |
| 245 ## - TITLE STATEMENT | |
| Title | While Memory Serves / |
| Statement of responsibility, etc. | Sir Francis Tuker |
| 260 ## - PUBLICATION, DISTRIBUTION, ETC. | |
| Place of publication, distribution, etc. | London |
| Name of publisher, distributor, etc. | Cassell |
| Date of publication, distribution, etc. | 1950 |
| 300 ## - PHYSICAL DESCRIPTION | |
| Extent | xiv,668 p.; |
| 505 ## - FORMATTED CONTENTS NOTE | |
| Formatted contents note | Book I: 1946 (Page-9), Book II: 1947 (Page-207), |
| 600 ## - SUBJECT ADDED ENTRY--PERSONAL NAME | |
| Personal name | Sir Francis Tuker |
| 9 (RLIN) | 109944 |
| 650 ## - SUBJECT ADDED ENTRY--TOPICAL TERM | |
| Topical term or geographic name entry element | Memory Serves |
| 9 (RLIN) | 109945 |
| 942 ## - ADDED ENTRY ELEMENTS (KOHA) | |
| Source of classification or shelving scheme | |
| Koha item type | Book |
| Withdrawn status | Lost status | Source of classification or shelving scheme | Damaged status | Not for loan | Collection code | Permanent Location | Current Location | Date acquired | Total Checkouts | Full call number | Barcode | Date last seen | Price effective from | Koha item type | Shelving location | Public note |
|---|---|---|---|---|---|---|---|---|---|---|---|---|---|---|---|---|
| Military College of Signals (MCS) | Military College of Signals (MCS) | 12/12/2016 | 355.30954 TUK | MCS21360 | 12/08/2016 | 12/12/2016 | Book | |||||||||
| Military College of Signals (MCS) | Military College of Signals (MCS) | 12/12/2016 | 355.30954 TUK | MCS21361 | 12/08/2016 | 12/12/2016 | Book | |||||||||
| Military College of Signals (MCS) | Military College of Signals (MCS) | 12/12/2016 | 355.30954,TUK | MCS21362 | 12/08/2016 | 12/12/2016 | Book | General Stacks | Almirah No.74, Shelf No.1 | |||||||
| Military College of Signals (MCS) | Military College of Signals (MCS) | 12/12/2016 | 355.30954,TUK | MCS21363 | 12/08/2016 | 12/12/2016 | Book | General Stacks | Almirah No.74, Shelf No.1 |
